000 00418nam a2200169Ia 4500
008 230711s9999||||xx |||||||||||||| ||und||
041 _aENG
082 _a720
_bGO-F
100 _aGaur,RR
245 2 _aA foundation course in human values and proffessionals ethics
250 _a1st . Ed.
260 _c2009
_aNew Delhi
_bExcel Books
300 _a118
650 _aArchitecture
700 _aSangal,R
942 _cBK
999 _c5041
_d5041